Curso de tecnología azucarera; segunda parte Evaporación
| Main Author: | |
|---|---|
| Format: | Section = Libro |
| Language: | Undetermined Spanish |
| Published: |
Nicaragua
MIDINRA
1982
|
| Subjects: |
| LEADER | 00650nam a2200217Ia 4500 | ||
|---|---|---|---|
| 008 | 240830s9999 xx 000 0 und d | ||
| 040 | |a CEDOC FIQ-RUSB / 664.114 M385 | ||
| 041 | |a spa | ||
| 082 | |a 664.114 M385 | ||
| 100 | 1 | |a Martìnez Alonso, Nelson | |
| 245 | 1 | 0 | |a Curso de tecnología azucarera; segunda parte Evaporación |
| 260 | |a Nicaragua |b MIDINRA |c 1982 | ||
| 300 | |a 120 p. :il | ||
| 650 | 7 | |a INDUSTRIA AZUCARERA | |
| 650 | 7 | |b EVAPORACIÓN-TEORÍA | |
| 650 | 7 | |c MODELOS DE EVAPORADORES | |
| 650 | 7 | |d MECANISMOS DE TRANFERENCIA DE CALOR | |
| 650 | 7 | |e BALANCE DE MATERIALES Y ENERGÍA | |
| 942 | |c BK |2 ddc | ||
| 991 | |a TEXTO | ||
| 999 | |c 13456 | ||